000 00796cab a2200241 4500
001 Z7574
008 090401t1995 xxu||||| |||| 00| 0 eng d
035 _a(Sirsi) u71873
041 _aeng
100 _aSmith, J.
245 _aRobert Hooke and surveying
260 _c1995
350 _a0
490 _aCivil Engineering Surveyor
_v20(2) March 1995, 16-17(2)
520 _aA biographical sketch of the seventeenth century scientist, concentrating on his contribution to surveying theory and his role as surveyor to the City after the Great Fire of London.
650 _aBoundary disputes
_96221
650 _aHISTORY
650 _aHOOKE ROBERT
650 _aMeasurement
_96256
690 _aMANAGEMENT-BUSINESS MANAGEMENT-PROFESSIONAL PRACTICE
942 _n0
948 _c04/03/1997
999 _c45337
_d45337